000 00291nam a22001337a 4500
008 170823b xxu||||| |||| 00| 0 eng d
020 _a048664314-X
041 _aeng
080 _a51
100 _a38
101 _aMAT
245 _aCURVATURE AND HOMOLOGY
_cGOLDBERG,S.I
942 _2udc
_cBK
999 _c24696
_d24696